| 000 | 00659nam a2200217 i 4500 | ||
|---|---|---|---|
| 001 | 125632 | ||
| 003 | ES-MaACL | ||
| 005 | 20230906192653.0 | ||
| 007 | t| | ||
| 008 | 070621s1948 sp ||||1| spa d | ||
| 100 | 1 |
_aZilahy, Lajos. _9118252 |
|
| 245 | 1 | 3 |
_aEl pájaro de fuego / _cpor Lajos Zilahy ; [traducción del húngaro por Andrés de Kramer]. |
| 250 | _a1ª ed. | ||
| 260 |
_aBarcelona : _bJosé Janés, _c1948. |
||
| 300 |
_a144 p., 1 h. ; _c17 cm. |
||
| 490 | 1 | _aManantial que no cesa | |
| 700 | 1 |
_aKramer, Andrés de. _968724 |
|
| 830 | 0 |
_aManantial que no cesa _9181138 |
|
| 852 |
_aES-MaACL _jD-7475 _bR.27358 |
||
| 999 |
_c125632 _d125632 |
||